Cuaderno de viaje : comarcas de Barcelona comarcas de Barcelona
Descripción Física:
27 p. : il. col. ; 24 cm
MARC
| LEADER | 00000nam a2200000Ia 4500 | ||
|---|---|---|---|
| 001 | 23728 | ||
| 008 | 160829s2013 xx 000 0 cat d | ||
| 080 | |a FU-62-24 | ||
| 245 | |a Cuaderno de viaje : |b comarcas de Barcelona | ||
| 260 | |a Barcelona : |b Diputació de Barcelona, |c 2013 | ||
| 300 | |a 27 p. : |b il. col. ; |c 24 cm | ||
| 590 | |a Text en castellà. Hi ha un altre exemplar en anglès amb R. 23726, en català amb R. 23879 i en francès amb R. 23888 | ||
| 650 | 0 | |a Turisme |z Barcelona (Província) |9 32796 | |
| 651 | 0 | |9 52676 |a Barcelona (Catalunya : Província) |v Guies | |
| 710 | 1 | |a Barcelona (Catalunya : Província). |b Diputació |9 52408 | |
| 710 | 2 | |9 51683 |a Barcelona es Mucho Más |e Marca turística | |
| 856 | |u www.barcelonaismuchmore.com | ||
| 901 | |a Arxiu | ||
| 942 | |n 1 |2 udc | ||
| 952 | |0 0 |1 0 |4 0 |6 FU6224 |7 1 |9 55455 |a Arxiu |b Arxiu |d 2016-12-01 |l 0 |o FU-62-24 |p 23728 |r 2016-12-01 00:00:00 |w 2016-12-01 |y ARXIU | ||
| 999 | |c 59328 |d 59328 | ||